01353cam a2200361 a 4500952015500000999001700155001000900172003000400181005001700185008004100202010001700243020003200260020002900292020002600321020002300347020003400370020003100404040001800435042000800453050002200461082001800483100002700501245008700528250001200615260005600627300005100683504007200734650004100806650003100847700002600878906004500904942004200949 00102ddc40708PSYCHOLOGYaMESbMEScPSYCHOLOGYd2022-09-26e53g630.00l0o616.89 BAR/Ap41580r2022-09-26 00:00:00v630.00w2022-09-26yBKzGL45R3 c41537d4153716537260OSt20220919153302.0101115s2012 caua b 001 0 eng  a 2010940910 a9781111343620 (student ed.) a1111343624 (student ed.) a9781111343651 (cover) a1111343659 (cover) a9781111345518 (looseleaf ed.) a1111345511 (looseleaf ed.) aDLCcDLCdDLC apcc00aRC454b.B345 2012 a616.89bBAR/A1 aBarlow, David H.9911510aAbnormal psychology :ban integrative approach /cDavid H. Barlow, V. Mark Durand. a6th ed. aBelmont, CA :bWadsworth, Cengage Learning,cc2012. axxv, 576, 21, 76, 36 p. :bcol. ill. ;c29 cm. aIncludes bibliographical references (p. 1-76, 3rd group) and index. 0aPsychology, PathologicalvTextbooks. 0aMental illnessvTextbooks.1 aDurand, Vincent Mark. a7bcbccorigcopd2eepcnf20gy-gencatlg 2ddccBKh616.89iBAR/Ak616.89mBAR/A